Blackout : (Record no. 131430)

MARC details
000 -LEADER
fixed length control field 00721nam a22002417a 4500
005 - DATE AND TIME OF LATEST TRANSACTION
control field 20170124110128.0
010 ## - LIBRARY OF CONGRESS CONTROL NUMBER
LC control number A-409720
020 ## - INTERNATIONAL STANDARD BOOK NUMBER
Terms of availability 00.00
035 ## - SYSTEM CONTROL NUMBER
System control number A-409720
037 ## - SOURCE OF ACQUISITION
Source of stock number/acquisition Cen Lib/Ret
040 ## - CATALOGING SOURCE
Original cataloging agency DPL
Language of cataloging EN
082 ## - DEWEY DECIMAL CLASSIFICATION NUMBER
Classification number N
Item number SHA
100 ## - MAIN ENTRY--PERSONAL NAME
Personal name Sharma, Tara Nath
9 (RLIN) 31737
245 ## - TITLE STATEMENT
Title Blackout :
Statement of responsibility, etc by Tara Nath Sharma ; translated by Larry Hartsell
Remainder of title a novel /
260 ## - PUBLICATION, DISTRIBUTION, ETC. (IMPRINT)
Place of publication, distribution, etc Jaipur
Name of publisher, distributor, etc Nirala Publications
Date of publication, distribution, etc 1990
270 ## - ADDRESS
Address Nawab Ka Chauraha, Ghat Gate
City Jaipur
Postal code 302001
300 ## - PHYSICAL DESCRIPTION
Extent 122p.
Dimensions 21cm(Hb)
490 ## - SERIES STATEMENT
Series statement Nirala series
Volume number/sequential designation 8
650 ## - SUBJECT ADDED ENTRY--TOPICAL TERM
Topical term or geographic name as entry element Nepali fiction -- Translations into English
9 (RLIN) 31738
650 ## - SUBJECT ADDED ENTRY--TOPICAL TERM
Topical term or geographic name as entry element Nepali fiction
9 (RLIN) 31739
700 ## - ADDED ENTRY--PERSONAL NAME
Personal name Hartsell, Larry
9 (RLIN) 31740
942 ## - ADDED ENTRY ELEMENTS (KOHA)
Source of classification or shelving scheme Dewey Decimal Classification
Koha item type English Books
Classification part N
Call number suffix SHA
Holdings
Withdrawn status Lost status Damaged status Not for loan Home library Current library Date acquired Source of acquisition Cost, normal purchase price Total Checkouts Full call number Barcode Date last seen Copy number Cost, replacement price Price effective from Koha item type Public note
Written off       Central Library Central Library 14/07/2015 Cen Lib/Ret 0.00   N SHA A-409720 14/07/2015 1 0.00 14/07/2015 English Books W/d List No. 6849/7 : dtd 16/7/20

© Delhi Public Library
Hit Counter
free hit counter